[Event "Veliko Tarnovo op"]
[Site "Veliko Tarnovo"]
[Date "2013.05.02"]
[Round "3"]
[White "Dimitrov, Pavel"]
[Black "Ljangov, Petar"]
[Result "1/2-1/2"]
[WhiteElo "2321"]
[BlackElo "2077"]
[PlyCount "120"]
[EventDate "2013.05.01"]
[EventType "swiss"]
[EventRounds "9"]
[EventCountry "BUL"]
[SourceTitle "CBM 154 Extra"]
[Source "ChessBase"]
[SourceDate "2013.06.25"]
[SourceVersion "2"]
[SourceVersionDate "2013.06.25"]
[SourceQuality "1"]

1. e4 c5 2. Nf3 d6 3. d4 cxd4 4. Nxd4 Nf6 5. Nc3 a6 6. Be3 e6 7. g4 h6 8. h4 b5 9. Bg2 Bb7 10. g5 hxg5 11. hxg5 Rxh1+ 12. Bxh1 b4 13. gxf6 bxc3 14. bxc3 gxf6 15. Qh5 Qe7 16. Rb1 Qd7 17. Nxe6 Qxe6 18. Rxb7 Nd7 19. e5 Rc8 20. Be4 Qxe5 21. Qxe5+ fxe5 22. Bf5 Rd8 23. Ra7 Be7 24. Rxa6 Nc5 25. Ra7 Ne6 26. a4 Rd7 27. Ra8+ Rd8 28. Be4 Rxa8 29. Bc6+ Kd8 30. Bb6+ Kc8 31. Bxa8 Bd8 32. a5 Bxb6 33. axb6 Nc5 34. Bc6 f5 35. Ke2 f4 36. Kf3 Kd8 37. Kg4 Kc8 38. Kf5 Kd8 39. Kg5 Kc8 40. c4 Kd8 41. Kf5 Kc8 42. Kf6 Kd8 43. Kf5 Kc8 44. Kg4 Kd8 45. Kf3 Kc8 46. Ke2 Kd8 47. Kd2 Kc8 48. Kc3 Kb8 49. Kb4 e4 50. Bd5 e3 51. fxe3 fxe3 52. Bf3 Ne6 53. Kc3 Nf4 54. Kd4 e2 55. Bxe2 Nxe2+ 56. Kd5 Kb7 57. Kxd6 Kxb6 58. c5+ Kb7 59. Kd7 Nd4 60. c3 Nc6 1/2-1/2

[Event "EU-ch Seniors rap"]
[Site "Plovdiv"]
[Date "2013.03.21"]
[Round "9"]
[White "Butnorius, Algimantas"]
[Black "Ljangov, Petar"]
[Result "1-0"]
[WhiteElo "2400"]
[BlackElo "2072"]
[PlyCount "63"]
[EventDate "2013.03.20"]
[EventType "swiss (rapid)"]
[EventRounds "9"]
[EventCountry "BUL"]
[SourceTitle "EXT 2014"]
[Source "ChessBase"]
[SourceDate "2013.11.20"]
[SourceVersion "1"]
[SourceVersionDate "2013.11.20"]
[SourceQuality "1"]

1. d4 Nf6 2. c4 e6 3. Nf3 Bb4+ 4. Bd2 Qe7 5. g3 0-0 6. Bg2 Bxd2+ 7. Nbxd2 d6 8. 0-0 e5 9. e4 c5 10. d5 Na6 11. Ne1 Nc7 12. Nd3 a6 13. Rc1 Rb8 14. f4 Nd7 15. Bh3 f6 16. Qh5 Qe8 17. Qh4 b5 18. b4 cxb4 19. Nxb4 Nc5 20. Nc6 Bxh3 21. Qxh3 Ra8 22. fxe5 fxe5 23. Rxf8+ Qxf8 24. Rf1 Qe8 25. Qh4 h6 26. Nf3 bxc4 27. Ne7+ Kh8 28. Ng5 c3 29. Nf7+ Kh7 30. Nxd6 Qa4 31. Qg4 Qd4+ 32. Kh1 1-0

[Event "EU-ch Seniors rap"]
[Site "Plovdiv"]
[Date "2013.03.20"]
[Round "4"]
[White "Ljangov, Petar"]
[Black "Maryasin, Boris Feliksovich"]
[Result "1-0"]
[WhiteElo "2072"]
[BlackElo "2336"]
[PlyCount "99"]
[EventDate "2013.03.20"]
[EventType "swiss (rapid)"]
[EventRounds "9"]
[EventCountry "BUL"]
[SourceTitle "EXT 2014"]
[Source "ChessBase"]
[SourceDate "2013.11.20"]
[SourceVersion "1"]
[SourceVersionDate "2013.11.20"]
[SourceQuality "1"]

1. d4 d5 2. Nf3 Nf6 3. c4 dxc4 4. Qa4+ c6 5. Qxc4 Bf5 6. Nc3 e6 7. g3 Na6 8. a3 Be7 9. Bg2 0-0 10. 0-0 c5 11. dxc5 Nxc5 12. b4 Nce4 13. Nxe4 Bxe4 14. Bb2 Rc8 15. Qd4 Rc2 16. Rfe1 h6 17. Rac1 Qxd4 18. Bxd4 Rfc8 19. Rxc2 Rxc2 20. e3 a6 21. h3 Nd5 22. Ne5 Bxg2 23. Kxg2 f6 24. Ng6 Bd6 25. e4 Ne7 26. Nxe7+ Bxe7 27. Re3 e5 28. Rc3 Ra2 29. Be3 Kf7 30. Rc7 Ke6 31. Rxb7 Rxa3 32. b5 Ra4 33. Rb6+ Kd7 34. bxa6 Bd8 35. Rb7+ Kc6 36. Rxg7 Rxa6 37. Bxh6 Kd6 38. Be3 Ke6 39. h4 Ra4 40. Kf3 Ra3 41. Ra7 Rxa7 42. Bxa7 f5 43. exf5+ Kxf5 44. g4+ Ke6 45. h5 Kf6 46. Ke4 Bc7 47. f3 Bd6 48. Be3 Kf7 49. Kf5 Bc7 50. Bc1 1-0

[Event "EU-ch Seniors 13th"]
[Site "Plovdiv"]
[Date "2013.03.15"]
[Round "5"]
[White "Dragasevic, Srdjan"]
[Black "Ljangov, Petar"]
[Result "1-0"]
[WhiteElo "2279"]
[BlackElo "2059"]
[PlyCount "119"]
[EventDate "2013.03.11"]
[EventType "swiss"]
[EventRounds "9"]
[EventCountry "BUL"]
[SourceTitle "CBM 153 Extra"]
[Source "ChessBase"]
[SourceDate "2013.04.22"]
[SourceVersion "1"]
[SourceVersionDate "2013.04.22"]
[SourceQuality "1"]

1. d4 Nf6 2. Bg5 Ne4 3. Bf4 d5 4. e3 Bf5 5. f3 Nf6 6. g4 Bg6 7. h4 h6 8. h5 Bh7 9. c4 c6 10. Nc3 e6 11. Qb3 Qb6 12. c5 Qxb3 13. axb3 Nbd7 14. b4 Be7 15. b5 0-0 16. bxc6 bxc6 17. Ba6 e5 18. dxe5 Nxc5 19. exf6 Bxf6 20. Bd6 Nb3 21. Ra3 Rfd8 22. Bb7 d4 23. Rxb3 dxc3 24. bxc3 Bc2 25. Ra3 Rxd6 26. Bxa8 Rd3 27. Kf2 Be7 28. Ra2 Bb3 29. Rb2 Ba4 30. Ne2 Bc5 31. Nd4 Rxc3 32. Ra1 Bb5 33. Nf5 g6 34. hxg6 fxg6 35. Nd4 Rd3 36. Nxb5 Rxe3 37. Kg2 cxb5 38. Rxb5 Bb6 39. Rxb6 axb6 40. Rb1 Re2+ 41. Kg3 Re8 42. Bd5+ Kg7 43. Rxb6 h5 44. Be4 hxg4 45. Rxg6+ Kf7 46. Rxg4 Rb8 47. Rh4 Kf6 48. Kf4 Rb5 49. Rh6+ Kg7 50. Rh7+ Kf6 51. Rb7 Ra5 52. Rb6+ Kg7 53. Bf5 Ra3 54. Rd6 Kf7 55. Rd3 Ra1 56. Kg5 Ra6 57. Rd7+ Kf8 58. f4 Ra4 59. Kf6 Ke8 60. Rc7 1-0